00483nam a2200181 a 4500001001300000003000900013005001700022008004100039020001000080082001600090100002500106245004400131260004600175300000900221500003500230650001100265700002500276nice12345678IN_TiNIC20260116011909.0050524s1871 hyda grp 000 0 urd  ac10000a297.4bQAD2 aQadiri, S Mohd Maruf aHadia-E-Mujaddadiya, Also Saiful Jabbar aHyderabadbMahboob Shahi Presstionsc1871 a300p aincludes index and biblioraphy aSufism1 aQadiri, S Mohd Maruf